000 00494nam a2200145 4500
999 _c10952
_d10952
008 180928b ||||| |||| 00| 0 eng d
022 _a2094-8042
082 _aDPer 370.105 M72 Jan-Dec 2011 v59-60
100 _931828
_aDelfin, Cristie Ann Jaca
245 _aLeading students to read books/
_cCristie Ann Jaca Delfin.
260 _aPhilippines:
_bIn the Grade School, Inc.,
_cc2011.
300 _av60 n6, pages 235+:
_billustrations;
_c27cm.
650 0 _931829
_aReading.
942 _2ddc
_cPER